[Event "SVK-Cup12 sf4 corr"]
[Site "Slovakia"]
[Date "2000.07.??"]
[Round "?"]
[White "Lysik, Jan"]
[Black "Csjernyik, Jan"]
[Result "0-1"]
[WhiteElo "2020"]
[BlackElo "2237"]
[PlyCount "42"]
[EventDate "2000.07.??"]
[EventType "tourn (corr)"]
[EventRounds "12"]
[EventCountry "SVK"]
[SourceTitle "Corr 2004"]
[Source "ChessBase"]
[SourceDate "2003.04.28"]
[SourceVersion "3"]
[SourceVersionDate "2003.04.28"]
[SourceQuality "1"]

1. d4 Nf6 2. c4 e6 3. Nf3 b6 4. Nc3 Bb7 5. e3 Be7 6. Be2 0-0 7. 0-0 d5 8. b3 c5 9. Bb2 cxd4 10. Nxd4 Nc6 11. Nxc6 Bxc6 12. Bf3 Qd7 13. cxd5 exd5 14. Qe2 Bd6 15. Rad1 Rfe8 16. g3 Be5 17. Rd2 d4 18. exd4 Bxg3 19. Qd3 Bf4 20. Rc2 Qh3 21. Rd1 Bxh2+ 0-1